Logistický reťazec spoločnosti NES Nová Dubnica s.r.o. bakalárska práca

Gespeichert in:
Bibliographische Detailangaben
1. Verfasser: Cigánik, Pavol
Körperschaft: Obchodná fakulta EU. Katedra marketingu
Weitere Verfasser: Gabriš, Miloš
Format: Buch
Sprache:Slowakisch
Veröffentlicht: Bratislava 2009
Tags: Tag hinzufügen
Keine Tags, Fügen Sie das erste Tag hinzu!

MARC

LEADER 00000nam$a2200000$$$4500
001 0099785
005 20240318135403.4
041 0 |a slo 
044 |a SK 
245 1 0 |a Logistický reťazec spoločnosti NES Nová Dubnica s.r.o.  |b bakalárska práca  |c Pavol Cigánik ; škol. Miloš Gabriš 
264 1 |a Bratislava  |c 2009 
300 |a 42 s. 
100 1 |a Cigánik, Pavol 
700 1 |a Gabriš, Miloš 
710 2 |a Obchodná fakulta EU. Katedra marketingu